Preaching the Gospel of the resurrection. (Record no. 11527)

000 -LEADER
fixed length control field 00656nam a2200205 a 4500
001 - CONTROL NUMBER
control field :::00009326$&:&@@
003 - CONTROL NUMBER IDENTIFIER
control field OkBaRHE
005 - DATE AND TIME OF LATEST TRANSACTION
control field 20000607103350.0
008 - FIXED-LENGTH DATA ELEMENTS--GENERAL INFORMATION
fixed length control field s1953 j 000 0 eng u
040 ## - CATALOGING SOURCE
Transcribing agency
100 1# - MAIN ENTRY--PERSONAL NAME
Personal name Niles, Daniel Thambyrajah, 1908-1970.
245 10 - TITLE STATEMENT
Title Preaching the Gospel of the resurrection.
260 ## - PUBLICATION, DISTRIBUTION, ETC. (IMPRINT)
Place of publication, distribution, etc Philadelphia, PA., :
Name of publisher, distributor, etc The Westminster Press
Date of publication, distribution, etc c1953
300 ## - PHYSICAL DESCRIPTION
Extent 93 p. ;
Dimensions 20 cm.
490 0# - SERIES STATEMENT
Series statement The Bevan Memorial Lectures.
650 ## - SUBJECT ADDED ENTRY--TOPICAL TERM
Topical term or geographic name as entry element Jesus Christ Resurrection
650 ## - SUBJECT ADDED ENTRY--TOPICAL TERM
Topical term or geographic name as entry element Sermons
942 ## - ADDED ENTRY ELEMENTS (KOHA)
Source of classification or shelving scheme
Koha item type Books
Copies
Barcode Full call number Date last seen Price effective from Source of classification or shelving scheme Withdrawn status Lost status Permanent Location Copy number Koha item type Shelving location Damaged status Not for loan Date acquired
9326BV 4211 .N552010-04-142010-04-14   RHEMA Bible Training College1BooksGeneral Stacks  2010-04-14